[Event "Nicolo La Rosa op 17th"]
[Site "Mazara del Vallo"]
[Date "2009.08.09"]
[Round "5"]
[White "Berendino, Giacomo"]
[Black "Castelli, Giovanni J"]
[Result "0-1"]
[WhiteElo "1455"]
[BlackElo "1623"]
[PlyCount "84"]
[EventDate "2009.08.07"]
[EventType "swiss"]
[EventRounds "6"]
[EventCountry "ITA"]
[SourceTitle "EXT 2011"]
[Source "ChessBase"]
[SourceDate "2010.11.26"]
[SourceVersion "1"]
[SourceVersionDate "2010.11.26"]
[SourceQuality "1"]

1. d4 Nf6 2. e3 g6 3. Nf3 Bg7 4. b3 0-0 5. Bb2 d6 6. Be2 Nbd7 7. 0-0 e5 8. dxe5 Ng4 9. Nbd2 Ngxe5 10. Rb1 Qe7 11. c4 Nc5 12. Nxe5 dxe5 13. e4 Ne6 14. Nf3 Nf4 15. Re1 Rd8 16. Qc2 f5 17. Rbd1 Re8 18. Bf1 c6 19. Qd2 fxe4 20. Rxe4 Bf5 21. Ree1 Rad8 22. Qe3 Rxd1 23. Rxd1 e4 24. Bxg7 exf3 25. Qxf3 Nxg2 26. Ba1 Nh4 27. Qg3 Bc8 28. Qc3 Qg5+ 29. Kh1 Re7 30. Qh8+ Kf7 31. c5 Be6 32. Rd8 Bd5+ 33. Rxd5 Qxd5+ 34. Kg1 Qg5+ 35. Kh1 Qd5+ 36. Kg1 Qg5+ 37. Kh1 Re1 38. Qg7+ Ke6 39. Qg8+ Kf5 40. Qc8+ Kf4 41. Qc7+ Kg4 42. Qd7+ Kh5 0-1

[Event "Nicolo La Rosa op 17th"]
[Site "Mazara del Vallo"]
[Date "2009.08.09"]
[Round "6"]
[White "Savalla, Salvatore"]
[Black "Berendino, Giacomo"]
[Result "0-1"]
[WhiteElo "1724"]
[BlackElo "1455"]
[PlyCount "68"]
[EventDate "2009.08.07"]
[EventType "swiss"]
[EventRounds "6"]
[EventCountry "ITA"]
[SourceTitle "EXT 2011"]
[Source "ChessBase"]
[SourceDate "2010.11.26"]
[SourceVersion "1"]
[SourceVersionDate "2010.11.26"]
[SourceQuality "1"]

1. e4 Nf6 2. Nc3 Nc6 3. Nf3 e5 4. Bb5 Bc5 5. 0-0 d6 6. h3 Bd7 7. d3 a6 8. Bxc6 Bxc6 9. Bg5 Qd7 10. Re1 h6 11. Be3 Bxe3 12. Rxe3 0-0-0 13. d4 Qe7 14. d5 Bd7 15. a4 g5 16. Nh2 h5 17. f3 Rdg8 18. g4 hxg4 19. fxg4 Rh4 20. Kg2 Rgh8 21. Qf3 Nxg4 22. Nxg4 Bxg4 23. hxg4 Rh2+ 24. Kg1 Qf8 25. Rf1 Qh6 26. b3 Rxc2 27. Re2 Rxe2 28. Qxe2 Qh1+ 29. Kf2 Rh2+ 30. Kg3 Rh3+ 31. Kf2 Qh2+ 32. Ke1 Qg3+ 33. Qf2 Qxc3+ 34. Qd2 Re3+ 0-1